000 00722nam a22002177a 4500
999 _c13070
_d13070
003 AR-CdUCM
008 190411b ||||| |||| 00| 0 spa d
040 _aMUNICIPALIDAD PROVINCIAL DEL CUSCO
_cBIBLIOTECA MUNICIPAL DEL CUSCO
082 _aES / 373.869 /
_bT26
100 _aTaxa Cuádroz, Elías
_911166
245 _aAntologia del cuento la selva en la narración peruana /
260 _aLima :
_bContinental,
_bKontinental Verlag,
_c1967.
300 _a272 paginas ;
_bIlustraciones, graficos, dibujos,
_c22 cm.
500 _aCuentos y narraciones
650 _aCuento
_94671
650 _aLiteratura
_983
650 _aPerú
_935
650 _aNarraciones
_9930
942 _2ddc
_cLIBROS
945 _apjha
_d2019-04-11